LIBRARY & INFORMATION CENTRE, KCAET, TAVANUR

ONLINE PUBLIC ACCESS CATALOGUE (OPAC)

Normal view MARC view
  • Panda, BD

Entry Personal Name

Number of records used in: 1

001 - CONTROL NUMBER

  • control field: 7131

003 - CONTROL NUMBER IDENTIFIER

  • control field: OSt

005 - DATE AND TIME OF LATEST TRANSACTION

  • control field: 20250213113111.0

008 - FIXED-LENGTH DATA ELEMENTS

  • fixed length control field: 250213|| aca||aabn | a|a d

040 ## - CATALOGING SOURCE

  • Original cataloging agency: OSt
  • Transcribing agency: OSt

100 ## - HEADING--PERSONAL NAME

  • Personal name: Panda, BD

670 ## - SOURCE DATA FOUND

  • Source citation: Work cat.: (OSt)19364: Panda, BD, Handbook of Library Manual, 1994
free website counter